Peter oder das Glück der Dummheit : satirische Feldzüge /

Hlavní autor: Friedrich, Theodor, 1879-1948
Další autoři: Kaiser, Bruno, 1911-1982
Jazyk: Němčina
Vydáno: Berlin : Rütten & Loening, 1962
Vydání: 1. Aufl.
Fyzický popis: 173 s.
Knihy
Uloženo v:
LEADER 00741nam a22002172a 4500
001 001373818
003 CZ BrMZK
005 20140318083114.0
007 ta
008 140313s1962 gw er|||||||||||ger d
040 |a BOA001  |b cze 
100 1 |a Friedrich, Theodor,  |d 1879-1948  |7 xx0101430  |4 aut 
245 1 0 |a Peter oder das Glück der Dummheit :  |b satirische Feldzüge /  |c Theodor Heinrich Friedrich ; herausgegeben von Bruno Kaiser 
250 |a 1. Aufl. 
260 |a Berlin :  |b Rütten & Loening,  |c 1962 
300 |a 173 s. 
700 1 |a Kaiser, Bruno,  |d 1911-1982  |7 mzk2013784471  |4 edt 
910 |a BOA001  |b 2-0490.511 
990 |a BK 
991 |b 201403 
996 7 |b 2619056178  |c 2-0490.511  |l MZK  |r Sklad / do 24 hodin  |n 0  |w 001408792  |u 000010  |a 1  |e BOA001  |j MZK50  |s A